Top Scorer in Each Premier League Season - Chelsea - Statistics

General Stats
  • This quiz has been taken 180 times
    9 since last reset
  • The average score is 26 of 34
Answer Stats
Hint Answer Goals Nationality % Correct
2024/25 Cole Palmer 15 England
100%
2023/24 Cole Palmer 22 England
100%
2009/10 Didier Drogba 29 Ivory Coast
100%
2006/07 Didier Drogba 20 Ivory Coast
100%
2018/19 Eden Hazard 16 Belgium
100%
2017/18 Eden Hazard 12 Belgium
100%
2013/14 Eden Hazard 14 Belgium
100%
2012/13 Frank Lampard 15 England
100%
2007/08 Frank Lampard 10 England
100%
2005/06 Frank Lampard 16 England
100%
2004/05 Frank Lampard 13 England
100%
2011/12 Frank Lampard / Daniel Sturridge 11 England / England
100%
2016/17 Diego Costa 20 Spain
89%
2015/16 Diego Costa 12 Spain
89%
2014/15 Diego Costa 20 Spain
89%
2025/26 João Pedro 15 Brazil
89%
2022/23 Kai Havertz 7 Germany
89%
2003/04 Jimmy Floyd Hasselbaink 12 Netherlands
78%
2001/02 Jimmy Floyd Hasselbaink 23 Netherlands
78%
2000/01 Jimmy Floyd Hasselbaink 23 Netherlands
78%
2008/09 Nicolas Anelka 19 France
78%
2010/11 Florent Malouda 13 France
67%
2002/03 Gianfranco Zola 14 Italy
67%
1998/99 Gianfranco Zola 13 Italy
67%
2020/21 Jorginho 7 Italy
67%
2021/22 Mason Mount 11 England
67%
1996/97 Gianluca Vialli 9 Italy
56%
2019/20 Tammy Abraham 15 England
56%
1997/98 Tore Andre Flo / Gianluca Vialli 11 Norway / Italy
56%
1999/00 Tore Andre Flo / Gustavo Poyet 10 Norway / Uruguay
33%
1995/96 John Spencer 13 Scotland
22%
1994/95 John Spencer 11 Scotland
22%
1993/94 Mark Stein 13 England
11%
1992/93 Mick Harford / Graham Stuart 9 England
11%
No matching quizzes found
Score Distribution
Percent of People with Each Score
Percentile by Number Answered
Your Score History
You have not taken this quiz since the last reset